| 000 | 005670000a22001810004500 | ||
|---|---|---|---|
| 003 | MACL | ||
| 005 | 20160511170731.0 | ||
| 008 | 160511b xxu||||| |||| 00| 0 eng d | ||
| 040 |
_aMACL _cMACL |
||
| 041 | _aHindi | ||
| 082 | _a891.431 MRA | ||
| 100 |
_aमृदुल, मरूधर _950702 |
||
| 245 |
_aआस - पास _cमरूधर मृदुल |
||
| 260 |
_bरास्थान पीपुल्स पब्लिशिंग _c1995 _aजयपुर |
||
| 350 | _a200 | ||
| 650 |
_aPoetry _956209 |
||
| 942 |
_cHIN _k891.431/MRA/P _2ddc |
||
| 999 |
_c19711 _d19711 |
||